| 000 | 01529nam a2200205Ia 4500 | ||
|---|---|---|---|
| 003 | Ost | ||
| 005 | 20260507075620.0 | ||
| 008 | 260507s9999||||xx |||||||||||||| ||und|| | ||
| 020 | _a9789961657973 | ||
| 040 | _cfsecg | ||
| 041 | _aara | ||
| 082 | _a339 | ||
| 100 |
_aعلاش، أحمد _eمؤلف |
||
| 245 | 0 |
_aتمارين في الإقتصاد الكلي : _bحلول وتحليل اقتصادي / _c أحمد علاش |
|
| 260 |
_aالجزائر : _bدار هومة للطباعة والنشر والتوزيع, _c2018 |
||
| 300 |
_a341 صفحة؛ _bإيضاحات ؛ _c22 سم |
||
| 520 | _aالكتاب "تمارين في الاقتصاد الكلي، حلول وتحليل اقتصادي" جاء تتمة للكتاب الصادر عن دار هومة سنة 2011 بعنوان "دروس وتمارين في الاقتصاد الكلي" والذي طبع مرتين وفي طريقه للطبعة الثالثة. ويهدف كتاب التمارين المساعدة لمساعدة الطالب في الحصول على أدوات الحل والتحليل الاقتصادي في ذات الوقت، ليستطيع بذلك الإدراك متغيرات الاقتصاد الكلي في الواقع وتفسير النتائج المترتبة عنها، وكذا دور السياسات الاقتصادية الكلية في توجيه النشاط الاقتصادي نحو أهداف محددة تسمح بزيادة رفاهية المجتمع. | ||
| 653 | _aالإقتصاد الكلي | ||
| 942 | _cكتاب | ||
| 999 |
_c45137 _d45137 |
||